| 000 | 00818nam a2200265Ia 4500 | ||
|---|---|---|---|
| 003 | OSt | ||
| 005 | 20220918221509.0 | ||
| 006 | a|||||r|||| 00| 0 | ||
| 007 | ta | ||
| 008 | 220917b |||||||| |||| 00| 0 eng d | ||
| 024 | _a192,433 | ||
| 037 | _cTextual | ||
| 040 |
_aARTS _cARTS _beng |
||
| 041 |
_2eng _aeng |
||
| 082 | _aX.1z7, N9 | ||
| 100 |
_aKouzmin Alexander Ed. _9140615 |
||
| 245 | 0 | _aEssays in economic globalization, transnational policies and vulnerability | |
| 260 |
_aAmsterdam _bIOS press _c1999 |
||
| 300 |
_axi,227p. _ccm. |
||
| 490 | _aInternational institute of administrative sciencaes mongraphsV.9. | ||
| 650 | _aECONOMICS | ||
| 700 |
_a Hayne Andrew Ed. _9140616 |
||
| 942 |
_hX.1z7, N9 _cTEXL _2CC |
||
| 999 |
_c272717 _d272717 |
||